000 00503nam a22001937a 4500
003 OSt
005 20251007124618.0
008 251007b |||||||| |||| 00| 0 eng d
020 _a9780323855693
040 _cDDC
082 _a660.6 REN 2023
100 _aRenneberg, Reinhard
_919411
245 _aBiotechnology For Beginners
250 _a3rd ed.
260 _aLondon; Academic press, 2023
300 _axxi,409p; col.ill: 28cm
504 _aGlossary, & indices included
942 _2ddc
_cO_SHELF
999 _c9535
_d9535